书目信息 |
| 题名: |
IBM方法
|
|
| 作者: | 弗斯 , Foss , 斯通 , Stone 著 ;郭蓓 , 刘学忠 译 | |
| 分册: | ||
| 出版信息: | 北京 华夏出版社 2003.09 |
|
| 页数: | 337页 | |
| 开本: | 24cm | |
| 丛书名: | ||
| 单 册: | ||
| 中图分类: | F274 | |
| 科图分类: | ||
| 主题词: | 企业管理--销售管理 , 企业管理 , 销售管理 | |
| 电子资源: | ||
| ISBN: | 7-5080-3260-8 | |
| 000 | 00983nam0 2200313 45 | |
| 001 | 012004000000 | |
| 005 | 20041026090349.14 | |
| 010 | @a7-5080-3260-8@dCNY 48.00 | |
| 100 | @a20040919d2003 em y0chiy0121 ea | |
| 101 | 1 | @achi@ceng |
| 102 | @aCN@b110000 | |
| 105 | @aa z 000yy | |
| 200 | 1 | @aIBM方法@AIBM fang fa@e卓越的客户关系营销@f(英)弗斯(Bryan Foss), 斯通(Merlln Stone)著@g郭蓓, 刘学忠等译 |
| 210 | @a北京@c华夏出版社@d2003.09 | |
| 215 | @a337页@c图, 图表@d24cm | |
| 330 | @a本书主要内容包括: 全球客户管理; 客户管理的实施人员; 项目计划、团队选择和管理…… | |
| 517 | 1 | @a卓越的客户关系营销 |
| 606 | 0 | @a企业管理@x销售管理 |
| 606 | 0 | @a企业管理 |
| 606 | 0 | @a销售管理 |
| 690 | @aF274@v4 | |
| 701 | 1 | @a弗斯@Afu si@bB.@4著 |
| 701 | A1 | @aFoss@bBryan@4著 |
| 701 | 1 | @a斯通@Asi tong@bM.@4著 |
| 701 | A1 | @aStone@bMerlln@4著 |
| 702 | 0 | @a郭蓓@Aguo bei@4译 |
| 702 | 0 | @a刘学忠@Aliu xue zhong@4译 |
| 801 | 0 | @aCN@bQSSKJ@c20041026 |
| 905 | @a10447@dF274@eF603 | |
| IBM方法:卓越的客户关系营销/(英)弗斯(Bryan Foss), 斯通(Merlln Stone)著/郭蓓, 刘学忠等译.-北京:华夏出版社,2003.09 |
| 337页:图, 图表;24cm |
| ISBN 7-5080-3260-8:CNY 48.00 |
| 本书主要内容包括: 全球客户管理; 客户管理的实施人员; 项目计划、团队选择和管理…… |
| ● |
| 相关链接 |
|
|
|
正题名:IBM方法
索取号:F274/F603
 
预约/预借
| 序号 | 登录号 | 条形码 | 馆藏地/架位号 | 状态 | 备注 |
| 1 | 422496 | 204224963 | 社科库409/409社科库 93排2列4层/ [索取号:F274/F603] | 在馆 | |
| 2 | 422497 | 204224972 | 社科库409/409社科库 93排2列4层/ [索取号:F274/F603] | 在馆 |